Vista normal
Vista MARC
Entrada Meeting Name
Número de registros utilizados en: 1
001 - NÚMERO DE CONTROL
- campo de control: 33016
003 - IDENTIFICADOR DEL NÚMERO DE CONTROL
- campo de control: AR-BaFLA
005 - FECHA Y HORA DE LA ÚLTIMA TRANSACCIÓN
- campo de control: 20191129150021.0
008 - DATOS DE LONGITUD FIJA
- campo de control de longitud fija: 191129|| aca||aabn | a|a d
040 ## - FUENTE DE LA CATALOGACIÓN
- Centro catalogador/agencia de origen: AR-BaFLA
111 ## - ENCABEZAMIENTO--NOMBRE DE CONGRESO/REUNIÓN
- Nombre de congreso/reunión o jurisdicción como elemento de entrada: Seminario de Investigaciones La inclusión escolar de niños, niñas y adolescentes en situación de discapacidad en la escuela común, 3º
- Sede del congreso/Lugar de la reunión: Buenos Aires
- Fecha del congreso o de la firma del tratado: 26 sept. 2018